| 000 | 02376cam a22001934a 4500 | ||
|---|---|---|---|
| 005 | 20250605164331.0 | ||
| 008 | 250528s ||||||||||||||||||||||||d | ||
| 035 | _a23247 | ||
| 020 | _a9789600115260 | ||
| 040 |
_aGR-AtMCL _bgre _dGR-AtMCL _eAACR2 |
||
| 245 | 1 | _aΜουσική στη Προσχολική Αγωγή / Αλληλεπίδραση Παιδιού - Παιδαγωγού | |
| 260 |
_bGutenberg, _c2012 |
||
| 300 | _a288 | ||
| 520 | _aΤο βιβλίο αυτό διερευνά τις σύγχρονες θεμελιώδεις αρχές και αξίες της μουσικής εκπαίδευσης για τα παιδιά της προσχολικής ηλικίας. Πρόλογος, Εισαγωγή, Προσεγγίζοντας την Έννοια της Μουσικής, Τι Είναι Μουσική, Σε Ποιούς Απευθύνεται η Μουσική, Η Ιδιαίτερη Μουσική Κουλτούρα των Παιδιών, Η Μουσική Συμπεριφορά των Παιδιών, Κατανοώντας τον Ρόλο του Εκπαιδευτικού, Πώς ο Εκπαιδευτικός Μπορεί να Κατανοήσει τον Μουσικό Κόσμο του Παιδιού;, Η Επίδραση των Θεωριών Μάθησης στη Μουσική Παιδαγωγική, Μη Κατευθυντικές Προσεγγίσεις, Παιδαγωγική Σύνθεση: Μια Πλήρης Μουσική Εμπειρία για τα Παιδιά, Μορφές Μουσικής Έκφρασης, Η Μουσική στο Πρόγραμμα Σπουδών του Νηπιαγωγείου, Οι Μορφές Μουσικής Έκφρασης, και τα Στοιχεία της Μουσικής, Επιλεγμένες Μουσικοπαιδαγωγικές Θεωρίες, Τρόποι Ένταξης της Μουσικής στο Νηπιαγωγείο, Μουσικοπαιδαγωγικές Προσεγγίσεις, Χτίζοντας Σχέση Εμπιστοσύνης με τα Παιδιά, Γνωριμία με τις Βασικές Ιδιότητες του Ηχου, Παράρτμα, Βιβλιογραφία, Ευρετήριο Εννοιών και Συγγραφέων. | ||
| 700 | 1 |
_aΔογάνη Κωνσταντίνα _98838 |
|
| 942 | _cBK | ||
| 999 |
_c8276 _d8276 |
||